000 00317nam a2200157Ia 4500
100 _aFlynn/Ida M
650 _aOperating systems
942 _cBK
366 _f25
245 _aOperating Systems
260 _bCengage Learning
_c2006
082 _a5.43
_bFLY
300 _a421
546 _aENGLISH
999 _c34425
_d34425